000 00747cam a2200217 i 4500
005 20251110102425.0
008 250721s2017 jo gr 000 0 ara d
020 _a9789957616502
082 1 4 _a155.53
_bش ب ر
100 1 _aشبر، مي
_eمؤلف.
245 1 2 _aالمراهقة بين الجنسين: ألم وأمل لميلاد جديد /
_cمي شبر.
250 _aالطبعة الأولى.
264 3 1 _aعمان :
_bدار صفاء للنشر والتوزيع،
_c2017.
300 _a335 صفحة.
650 1 7 _aالمراهقة.
650 1 7 _aالنضج الجنسي.
650 1 7 _aعلم النفس.
650 1 7 _aسيكولوجية المراهقين.
942 _2ddc
_cBK
999 _c135707
_d135707